[Event "Regionalliga NW 1314"]
[Site "Bayern"]
[Date "2014.04.06"]
[Round "9.4"]
[White "Greger, Matthias"]
[Black "Schmitt, Gunther"]
[Result "1/2-1/2"]
[WhiteElo "1906"]
[BlackElo "1946"]
[PlyCount "28"]
[EventDate "2013.10.13"]
[EventType "team-tourn"]
[EventRounds "9"]
[EventCountry "GER"]
[SourceTitle "EXT 2015"]
[Source "ChessBase"]
[SourceDate "2014.11.20"]
[SourceVersion "1"]
[SourceVersionDate "2014.11.20"]
[SourceQuality "1"]
[WhiteTeam "Thiersheim"]
[BlackTeam "Rottendorf"]
[WhiteTeamCountry "GER"]
[BlackTeamCountry "GER"]

1. e4 c5 2. Nf3 d6 3. Bb5+ Nd7 4. Nc3 a6 5. Bxd7+ Bxd7 6. d3 e6 7. 0-0 Qc7 8. Bf4 Ne7 9. Re1 Ng6 10. Bg3 Be7 11. e5 Bc6 12. exd6 Bxd6 13. Bxd6 Qxd6 14. Ne4 Bxe4 1/2-1/2

[Event "Oberfranken-ch U14 0910"]
[Site "Schney"]
[Date "2010.01.04"]
[Round "3"]
[White "Pfadenhauer, Johannes"]
[Black "Greger, Matthias"]
[Result "1/2-1/2"]
[WhiteElo "1725"]
[BlackElo "1569"]
[PlyCount "62"]
[EventDate "2010.01.03"]
[EventType "swiss"]
[EventRounds "7"]
[EventCountry "GER"]
[SourceTitle "EXT 2015"]
[Source "ChessBase"]
[SourceDate "2014.11.20"]
[SourceVersion "1"]
[SourceVersionDate "2014.11.20"]
[SourceQuality "1"]

1. d4 d5 2. Nf3 Bf5 3. Bf4 e6 4. e3 c5 5. c3 Bd6 6. Bxd6 Qxd6 7. Be2 Nc6 8. Nbd2 Nf6 9. 0-0 c4 10. b3 cxb3 11. axb3 0-0 12. c4 Ne4 13. Nxe4 Bxe4 14. Ng5 Bg6 15. h4 h6 16. Nh3 Rfd8 17. g4 Qe7 18. h5 Bh7 19. f4 g6 20. Qe1 Kh8 21. Kh2 a6 22. g5 hxg5 23. Nxg5 Rg8 24. Rf3 f6 25. Nxh7 Kxh7 26. Bd3 f5 27. Rh3 g5 28. fxg5 Qxg5 29. Qf2 Ne7 30. Rg1 Qxg1+ 31. Qxg1 Rxg1 1/2-1/2

[Event "Oberfranken-ch U14 0910"]
[Site "Schney"]
[Date "2010.01.03"]
[Round "2"]
[White "Greger, Matthias"]
[Black "Schulz, Lukas"]
[Result "1/2-1/2"]
[WhiteElo "1569"]
[BlackElo "1611"]
[PlyCount "28"]
[EventDate "2010.01.03"]
[EventType "swiss"]
[EventRounds "7"]
[EventCountry "GER"]
[SourceTitle "EXT 2015"]
[Source "ChessBase"]
[SourceDate "2014.11.20"]
[SourceVersion "1"]
[SourceVersionDate "2014.11.20"]
[SourceQuality "1"]

1. e4 c5 2. c4 Nc6 3. Nc3 Nf6 4. d3 g6 5. Be3 d6 6. Be2 Bg7 7. f4 0-0 8. Nf3 Bd7 9. h3 Nh5 10. g4 Ng3 11. Rg1 Nxe2 12. Qxe2 Nd4 13. Qf2 Qb6 14. Bxd4 Bxd4 1/2-1/2

[Event "Erbendorf op"]
[Site "Erbendorf"]
[Date "2009.06.13"]
[Round "5"]
[White "Schiml, Mattias"]
[Black "Greger, Matthias"]
[Result "0-1"]
[WhiteElo "845"]
[BlackElo "1590"]
[PlyCount "96"]
[EventDate "2009.06.11"]
[EventType "swiss"]
[EventRounds "7"]
[EventCountry "GER"]
[SourceTitle "CBM 130 Extra"]
[Source "ChessBase"]
[SourceDate "2009.07.02"]
[SourceVersion "2"]
[SourceVersionDate "2009.07.15"]
[SourceQuality "1"]

1. e4 e6 2. Nf3 d5 3. exd5 exd5 4. d4 Nf6 5. Nc3 c6 6. g3 Bb4 7. Bg2 Ne4 8. Bd2 Nxd2 9. Nxd2 0-0 10. 0-0 Nd7 11. Re1 f5 12. Ne2 Bd6 13. f4 Nf6 14. c4 dxc4 15. Nxc4 Be6 16. Nxd6 Qxd6 17. Qd2 Bd5 18. Bxd5+ Nxd5 19. Nc3 Rad8 20. Nxd5 Qxd5 21. Rad1 a6 22. a3 c5 23. Re7 Rf7 24. Rxf7 Kxf7 25. Kf2 Qxd4+ 26. Qxd4 Rxd4 27. Rc1 b6 28. Ke3 a5 29. Rc3 Ke6 30. Rb3 Rd6 31. Kf3 Kd7 32. g4 fxg4+ 33. Kxg4 Kc6 34. h4 b5 35. Re3 b4 36. Re7 Rd7 37. Rxd7 Kxd7 38. axb4 cxb4 39. f5 a4 40. Kg5 Ke7 41. h5 a3 42. f6+ gxf6+ 43. Kh6 axb2 44. Kxh7 b1Q+ 45. Kg7 Qf1 46. h6 Qg2+ 47. Kh8 Kf7 48. h7 Qg7# 0-1

[Event "Erbendorf op"]
[Site "Erbendorf"]
[Date "2009.06.11"]
[Round "2"]
[White "Greger, Matthias"]
[Black "Behrens, Kai"]
[Result "1/2-1/2"]
[WhiteElo "1590"]
[BlackElo "1898"]
[PlyCount "75"]
[EventDate "2009.06.11"]
[EventType "swiss"]
[EventRounds "7"]
[EventCountry "GER"]
[SourceTitle "CBM 130 Extra"]
[Source "ChessBase"]
[SourceDate "2009.07.02"]
[SourceVersion "2"]
[SourceVersionDate "2009.07.15"]
[SourceQuality "1"]

1. e4 e5 2. Nf3 d6 3. d3 Be7 4. c4 c6 5. Nc3 Nd7 6. Be2 Ngf6 7. 0-0 0-0 8. a3 a5 9. Bd2 Ne8 10. b4 axb4 11. axb4 Rxa1 12. Qxa1 f5 13. Qa2 f4 14. Rb1 g5 15. b5 c5 16. Nd5 g4 17. Ne1 Ndf6 18. Ba5 Qd7 19. Nb6 Qe6 20. Nxc8 Qxc8 21. Qc2 Qe6 22. Qd1 h5 23. g3 Qf7 24. Nc2 Qg6 25. Be1 h4 26. Bf1 Ng7 27. Ra1 hxg3 28. fxg3 f3 29. Ra7 Kf7 30. Rxb7 Qh5 31. Qd2 Rh8 32. Ra7 Nh7 33. Ne3 Ng5 34. Qf2 Ke6 35. Nd5 Bf6 36. Nc7+ Kd7 37. Nd5+ Ke6 38. Nc7+ 1/2-1/2